[Event "COL-ch U16 Girls"]
[Site "Cali"]
[Date "2008.04.03"]
[Round "1.8"]
[White "Garcia, Linda Alexandra"]
[Black "Granada Velez, Angie"]
[Result "0-1"]
[WhiteElo "1506"]
[BlackElo "1930"]
[PlyCount "48"]
[EventDate "2008.04.03"]
[EventType "swiss"]
[EventRounds "7"]
[EventCountry "COL"]
[SourceTitle "EXT 2024"]
[Source "ChessBase"]
[SourceDate "2023.10.10"]
[SourceVersion "1"]
[SourceVersionDate "2023.10.10"]
[SourceQuality "1"]

1. e4 c5 2. Nf3 d6 3. d4 cxd4 4. Nxd4 Nf6 5. Nc3 g6 6. Be3 Bg7 7. f3 0-0 8. Qd2 Nc6 9. Nxc6 bxc6 10. Bh6 Be6 11. Bxg7 Kxg7 12. Be2 Rb8 13. Rb1 Qb6 14. h4 h5 15. Qg5 Qb4 16. a3 Qb7 17. g4 Rh8 18. b4 Qc7 19. f4 Nxe4 20. Qa5 Qxa5 21. bxa5 Nxc3 22. Rxb8 Rxb8 23. Kf2 Nxe2 24. Kxe2 Bxg4+ 0-1